| 000 | 00668nam a2200205Ii 4500 | ||
|---|---|---|---|
| 003 | JO-AjNU | ||
| 008 | 230605s9999||||xx |||||||||||||| ||und|| | ||
| 040 |
_aJO-AjNU _bara _erda _cJO-AjNU |
||
| 041 | _aara | ||
| 050 | 1 | 4 | _aJF1358.S25 |
| 100 | 3 |
_aفهمى ، سامية , _eauthor _914390 |
|
| 245 | 0 | 0 | _aالادارة في المؤسسات الاجتماعية |
| 250 | _a(د،ط) | ||
| 264 | 3 | 1 | _aالاسكندرية ، المكتب الجامعي الحديث |
| 300 | _a304ص | ||
| 336 |
_atext _btxt _2rdacontent |
||
| 337 |
_aunmediated _bn _2rdamedia |
||
| 338 |
_avolume _bnc _2rdacarrier |
||
| 650 | 4 |
_aادارة -- مؤسسات اجتماعية _914391 |
|
| 999 |
_aA3826 _c7394 _d7394 |
||